000 00257nam a2200109Ia 4500
008 220204s9999 xx 000 0 und d
082 _a011
_bBON
100 _aBONO, Edward de
245 0 _aHappiness purpose
260 _aEngland
_bPenguin
_c1977
942 _cBK
999 _c32991
_d32991